000 02520nam a22002897a 4500
001 5918
003 FISKH
005 20250206152827.0
008 250206b cb ||||| |||| 00| 0 eng d
020 _a9780545139717
040 _aFISKH
_beng
_cFISKH
_dFISKH
050 _aPZ7.S65766 I
082 _a813.6
100 _aSmith, roland
_d(1951–)
245 _aIndependence hall /
_cRoland Smith
250 _aThis printing first published in 2008
260 _aChelsea :
_bScholastic,
_c2008.
300 _a293 pages :
_c20 cm
505 _aR
520 _aMystery. Young Adult Fiction. HTML:Thirteen-year-old Quest (Q) isn't sure he's ready for a new family. For a long time it's just been him and his mom, Blaze. But everything changes when Blaze falls in love with Roger and they start a new rock band called Match. Now they're married, have a hit record, and Match is going out on a year-long driving tour across the country. Q, along with new stepsister Angela, will take a year off from school and travel with the band. For now, home will be a luxury motor coach and homework will be a Web site diary of their travels. Perfect-Q can practice his magic tricks and Angela can read her spy novels. What can go wrong? As Q and Angela settle into their new life and new relationship as siblings, they start to notice that certain coincidences don't seem coincidental. For example, how does a band roadie named Boone find them in the middle of a desert where their coach just happens to break down? Why does a man from their parents' wedding keep showing up in the same cities they stop at? When they reach Philadelphia, Q and Angela realize this tour is definitely not the trip their parents had planned and that the "City of Brotherly Love" is full of mysteries and secrets that could threaten their new life together. In addition to his action adventure books, Roland is the author of many award-winning books for children including Journey of the Red Wolf; The Captain's Dog: My Journey with the Lewis and Clark Tribe; and Thunder Cave, which was a 1996 Notable Children's Trade Book in the field of Social Studies. His books with Sleeping Bear Press include W is for Waves: An Ocean Alphabet; Z is for Zookeeper: A Zoo Alphabet; and N is for our Nation's Capital: A Washington, DC Alphabet. Roland lives near Portland, Oregon.
521 8 _a660
_bLexile
521 8 _aR
_bRaz-Plus
650 _2Adventure
_aTerrorists
650 _2Secret Service
_aMystery
942 _2ddc
_cBK
_n0
999 _c5918
_d5918